| 000 | 00649nam a22002057i 4500 | ||
|---|---|---|---|
| 001 | 6269 | ||
| 003 | OSt | ||
| 005 | 20180914133409.0 | ||
| 007 | tu | ||
| 008 | 161220s2001 gw |||||||||||||||||ger d | ||
| 024 | 7 |
_a6269 _2RID |
|
| 024 | 7 |
_a6269 _2RSN (alt) |
|
| 040 | _cOSt | ||
| 041 | _ager | ||
| 245 | 0 | 0 |
_aWandel und Kontinuität in den Transformationsländern Ost- und Südosteuropas _bÜbersicht über laufende Projekte |
| 260 |
_aMünchen : _bforost - Forschungsverbund Ost- und Südosteuropa, _c2001. |
||
| 110 | 2 | _aforost - Forschungsverbund Ost- und Südosteuropa | |
| 490 |
_aforost Arbeitspapiere _v1/September 2001 _x1613-0332 |
||
| 942 | _cP | ||
| 999 |
_c5876 _d5876 |
||